| 000 | 00369nam a2200157Ia 4500 | ||
|---|---|---|---|
| 003 | OSt | ||
| 008 | 191201s2011 xx 000 0 und d | ||
| 082 |
_a658 _bWEM |
||
| 100 | _aWEIHRICH, Heinz | ||
| 245 | 0 | _aManagement: A Global and Entrepreneurial Prespective | |
| 250 | _aRep | ||
| 260 |
_aNew Delhi _bTMH _c2011 |
||
| 300 | _a537 | ||
| 650 | _aMBA | ||
| 942 |
_2ddc _cBK |
||
| 999 |
_c5480 _d5480 |
||